Dimitroff contre Goering (Record no. 56607)
[ view plain ]
| 000 -LEADER | |
|---|---|
| campo de control de longitud fija | 00553nam a2200169 i 4500 |
| 001 - NÚMERO DE CONTROL | |
| campo de control | 56607 |
| 003 - IDENTIFICADOR DE NÚMERO DE CONTROL | |
| campo de control | ES-MaACL |
| 005 - FECHA Y HORA DE LA ÚLTIMA TRANSACCIÓN | |
| campo de control | 20230906163417.0 |
| 007 - CAMPO FIJO DE DESCRIPCIÓN FÍSICA--INFORMACIÓN GENERAL | |
| campo de control de longitud fija | t| |
| 008 - DATOS DE LONGITUD FIJA--INFORMACIÓN GENERAL | |
| campo de control de longitud fija | 031010s1934 fr ||||1| fre d |
| 245 00 - MENCIÓN DEL TÍTULO | |
| Título | Dimitroff contre Goering |
| Resto del título | : 2e livre brun. |
| 260 ## - PUBLICACIÓN, DISTRIBUCIÓN, ETC. | |
| Lugar de publicación, distribución, etc. | Paris : |
| Nombre del editor, distribuidor, etc. | Éditions du Carrefour, |
| Fecha de publicación, distribución, etc. | 1934 ( |
| Lugar de fabricación/manufactura | Saint Amand : |
| Fabricante | R. Bussiére) |
| 300 ## - DESCRIPCIÓN FÍSICA | |
| Extensión | 356 p. : |
| Otras características físicas | il. facs. ; |
| Dimensiones | 19 cm. |
| 600 14 - PUNTO DE ACCESO ADICIONAL DE MATERIA--NOMBRE DE PERSONA | |
| Nombre de persona | Dimitrov, Georgi ( |
| Fechas asociadas al nombre | 1882-1949) |
| 9 (RLIN) | 155289 |
| 651 #4 - PUNTO DE ACCESO ADICIONAL DE MATERIA--NOMBRE GEOGRÁFICO | |
| Nombre geográfico | Berlín- |
| Subdivisión general | Historia- |
| Subdivisión cronológica | 1933 (Incendio del Reichstag) |
| 9 (RLIN) | 161123 |
| 852 ## - LOCALIZACIÓN | |
| Ubicación | ES-MaACL |
| Número de control de estantería | A-2564 |
| Estatus retirado | Estado de pérdida | Estado de daño | No para préstamo | Biblioteca de origen | Biblioteca actual | Ubicación en estantería | Fecha de adquisición | Fuente de adquisición | Total de préstamos | Signatura topográfica completa | Código de barras | Visto por última vez | Precio de reemplazo | Tipo de ítem Koha |
|---|---|---|---|---|---|---|---|---|---|---|---|---|---|---|
| Biblioteca del Ateneo de Madrid | Biblioteca del Ateneo de Madrid | Sala Pecera Planta 1 | 17/01/2008 | A-2564 | 1059448 | 23/02/2023 | 23/02/2023 | Libro impreso |
